00615nam a2200181Ia 4500999001500000020001800015082001900033245005900052260003100111300001300142440003400155650002400189650002000213650003100233700002200264942000700286952014000293 c8304d8304 a9780415828536 a304.80954 IND; 0aIndia migration report 2013: social costs of migration aNew DelhibRoutledgec2013 axxi, 339 aIndia migration report series aMIGRATION, INTERNAL aSEX DIFFERENCES aEMIGRATION AND IMMIGRATION aRajan, S. Irudaya cBK 00104070aNASSDOCbNASSDOCd2014-03-31eGifted by : Authori2014-03-12l0o304.80954 IND;p48435r2019-04-18 00:00:00w2019-04-18yBK